000 00645nam a2200181Ia 4500
008 090123s9999 xx 000 0 und d
082 _b2468
_a923.254/माडखोमकर
100 _aमाडखोलकर ग. त्र्य.
245 _aव्यक्ति दर्शन
250 _a1
260 _bराष्ट्रभाषा प्रेस
_c1972
300 _a103
600 _aमाडखोलकर ग. त्र्य.
630 _aव्यक्ति दर्शन
700 _aमाडखोलकर ग. त्र्य.
730 _aव्यक्ति दर्शन
942 _cBOOK
999 _c40552
_d40552